Score 0/9 Timer 02:00
0 Plays Today
Country % Correct
North Sea
100%
Atlantic Ocean
100%
Atlantic Ocean
98.9%
Norwegian Sea
97.8%
Norway
94.6%
United Kingdom
93.5%
Ireland
93.5%
United Kingdom
93.4%
Iceland
90.2%
Remove Ads.
Support Sporcle.
Get the best of Sporcle when you Go Orange. This ad-free experience offers more features, more stats, and more fun while also helping to support Sporcle. Thank you for becoming a member.

You're not logged in!

Compare scores with friends on all Sporcle quizzes.
OR
Log In

Sporcle TV

Today on Sporcle TV


Watch our educational content, quiz creation guides, and fun videos on Sporcle TV.

Show Comments

Extras

Top Quizzes Today


Score Distribution

Paid Content

Your Account Isn't Verified!

In order to create a playlist on Sporcle, you need to verify the email address you used during registration. Go to your Sporcle Settings to finish the process.

Report this User

Report this user for behavior that violates our Community Guidelines.

Details: